000 01281nam a22002537a 4500
001 6640
003 FISKH
005 20250516151437.0
008 250516b cb ||||| |||| 00| 0 eng d
040 _aFISKH
_bkhr
_cFISKH
_dFISKH
082 _a600
100 _aNalong, Khon
245 _aស៊េរី ជំនាញកំព្យូទ័រ :
_bសំរាប់ការងារការិយាល័យ​ /
_cរៀបរៀងដោយ ខុន ណាឡុង និង​ រាម វិទូ
260 _aភ្នំពេញ :
_bវិទ្យាស្ថានអន្តរជាតិនៃកម្ពុជា ,
_c២០០១ .
300 _a199 pages :
_bcolor illustrations ;
_c20 cm .
520 _aសៀវភៅនេះអាចជាជំនួយដល់សិស្សក្នុងការធ្វើស្វ័យសិក្សា​លើកម្មវិធី Microsoft Window 2000 ។
520 _aThis book may serve as a helpful resource for students to self-study the Microsoft Windows 2000 program.
650 _aជំនាញកំព្យូទ័រ
650 _aComputer skill
700 _aKimthar, Siv
_eIllustrator
700 _aMitita , Map
_eIllustrator
942 _2ddc
_cKHB
_n0
999 _c6640
_d6640